| 000 -LEADER |
| fixed length control field |
00814cam a22002054a 4500 |
| 003 - CONTROL NUMBER IDENTIFIER |
| control field |
OSt |
| 005 - DATE AND TIME OF LATEST TRANSACTION |
| control field |
20200317160041.0 |
| 008 - FIXED-LENGTH DATA ELEMENTS--GENERAL INFORMATION |
| fixed length control field |
070424s2007 nyua b 001 0 eng |
| 020 ## - INTERNATIONAL STANDARD BOOK NUMBER |
| International Standard Book Number |
9781580931526 (hardcover) |
| 082 00 - DEWEY DECIMAL CLASSIFICATION NUMBER |
| Classification number |
712 |
| Edition number |
22 |
| Item number |
BRA |
| 100 1# - MAIN ENTRY--PERSONAL NAME |
| Personal name |
Bradley-Hole, Christopher. |
| 245 10 - TITLE STATEMENT |
| Title |
Making the modern garden / |
| Statement of responsibility, etc |
Christopher Bradley-Hole ; with Mark Griffiths. |
| 260 ## - PUBLICATION, DISTRIBUTION, ETC. (IMPRINT) |
| Place of publication, distribution, etc |
New York, N.Y. : |
| Name of publisher, distributor, etc |
Monacelli Press, |
| Date of publication, distribution, etc |
2007. |
| 300 ## - PHYSICAL DESCRIPTION |
| Extent |
192 p. : |
| Other physical details |
ill. (chiefly col.) ; |
| Dimensions |
29 cm. |
| 504 ## - BIBLIOGRAPHY, ETC. NOTE |
| Bibliography, etc |
Includes bibliographical references (p. 186-187) and index. |
| 505 0# - FORMATTED CONTENTS NOTE |
| Formatted contents note |
The poetry -- The grammar -- The narrative -- The enclosed garden -- The water garden -- The country garden -- The landscape garden -- Planting : the new approach. |
| 650 #0 - SUBJECT ADDED ENTRY--TOPICAL TERM |
| Topical term or geographic name as entry element |
Gardening. |
| 700 1# - ADDED ENTRY--PERSONAL NAME |
| Personal name |
Griffiths, Mark, |
| Dates associated with a name |
1963- |
| 942 ## - ADDED ENTRY ELEMENTS (KOHA) |
| Source of classification or shelving scheme |
|